Tous les Feats : Ninho - Statistiques

Statistiques générales
  • Ce quiz a été pris 868 fois
  • Le résultat moyen est 68 sur 117
Statistiques - réponses
Hint Réponse % Correct
La vie du binks Da Uzi / SCH / Hornet La Frappe / Leto / Sadek / Soprano
97%
C'est carré le S Naps / Gazo
96%
Elle a mal | Maman ne le sait pas | Méchant | N.I Niska
96%
Mortal Kombat Sofiane / Graya / GLK / Riane / The S
95%
TOUT VA BIEN Alonzo / Naps
94%
Blue Kaneki / Naps
92%
Gaine D 2.0 Kingzer / Leto
92%
187 mesures | Avon Barksdale | Crésus | +3 others Leto
92%
Double binks Leto / Zed
92%
6.3 Naps
92%
Et je deviens fou | Jusqu'à minuit | Tel Me JuL
91%
MAUVAIS 2X Gazo
89%
Longue vie Sofiane / Hornet La Frappe
87%
Grand bain | Jamais Dadju
85%
Acolyte Gianni / Dadju
85%
Mayday | Prêt à partir SCH
85%
Encore | La vivance | Quotidien Koba LaD
84%
Air Max Rim'K
84%
Papers Zola
81%
Mec de cité Yaro / PLK
79%
Gasolina | Sheitana Hornet La Frappe
78%
Distant Maes
77%
Elle est bonne sa mère Vegedream
76%
Eurostar Central Cee
75%
Grand Paris Médine / Lartiste / Lino / Sofiane / Alivor / Seth Guako / Youssoupha
75%
De l'autre côté Nekfeu
75%
3 singes | Ciao Werenoi
74%
Promo Damso
73%
Laisse pas traîner ton fils Sofiane
72%
Centre commercial | Cités de France | La Marseillaise Heuss L'enfoiré
71%
44 | Bucci Night | Dernier Etage | +5 others Yaro
70%
Fallin' Yaro / Layzee Ella
70%
Crois-moi | Entre les murs | Kongolais mauvais DA Uzi
67%
Dita | Incertain | Tu sais qu'on est gang Hös
63%
C'est Elle Alonzo
62%
Musica Soprano
61%
Kim Jong-il Niro
59%
Millions Orelsan
56%
Blue Story Lil Baby
53%
La Roma Sadek
50%
Ma 6t a craqué Kpoint
49%
BLH | Lové Gradur
48%
Jolis GAULOIS
45%
Dadinho | Veux-tu ? Lacrim
45%
Jules César | Long time Kaneki
41%
Money Faouzia
40%
No love Ayra Starr
39%
Enfants terribles Landy
39%
A L'AUBE | Ma guapa | Pirate Hös Copperfield
37%
Tennessee Kalash
37%
Moto Mac Tyer
37%
Elle m'a dit Hamza
36%
Zéro paluche Tito
35%
Portes Suicide Dinos
33%
Secu Franglish
33%
Bad Omah Lay
33%
Suis-moi Ronisia
33%
Midi dans le ghetto 4Keus Gang
32%
Mauvais GLK
32%
A découvert Hiro
32%
Bénéfice MHD
32%
A midi Naza
31%
Coucou Graya
29%
Every day Griff
28%
Sicario YL
27%
Toutes options Blasko
25%
11H | MAUVAIS PROFIL Lamatrix
25%
Je fais ma vie KeBlack
22%
La Calle Gianni
21%
Maria Morad
18%
Mauvais côté Amy
17%
Mains sales 13 Block
13%
Billets Capo Plaza
13%
Mendosa Dadinho
12%
Bectance Mayo
12%
Karma Negrito
11%
Hercule Koffi Olomide
10%
Mauvaise Nouvelle Softo
10%
A Kinshasa | Likolo Fally lpupa
8%
Igo 10 Douma Kalash
6%
CARTOUCHE Médé
3%
Aucun quiz correspondant
Distribution des résultats
% des personnes avec chaque résultat
Percentile par nombre de réponses
Votre historique - résultats
Vous n’avez pas pris ce quiz